La economía política del capitalismo

Збережено в:
Бібліографічні деталі
Автор: Vargas, Eugenio
Формат: Текст
Опубліковано: México D.F.: Ediciones de Cultura Popular
Теги: Додати тег
Немає тегів, Будьте першим, хто поставить тег для цього запису!

MARC

LEADER 00000 a a2200000 04500
001 22643
003
040
090 |a 155200  
100 |a Vargas, Eugenio  
245 |a La economía política del capitalismo  
260 |a México D.F.:   |b Ediciones de Cultura Popular  
300 |a 376 p.  
999 |c 13517  |d 13517